[Event "Mecklenburg VP LL2 Ost 0809"]
[Site "Mecklenburg VP"]
[Date "2008.11.30"]
[Round "3.8"]
[White "Warmuth, Ruediger"]
[Black "Hiltner, Harald"]
[Result "1/2-1/2"]
[WhiteElo "1410"]
[BlackElo "1507"]
[PlyCount "31"]
[EventDate "2008.09.28"]
[EventType "team-tourn"]
[EventRounds "9"]
[EventCountry "GER"]
[SourceTitle "EXT 2022"]
[Source "ChessBase"]
[SourceDate "2021.10.06"]
[SourceVersion "1"]
[SourceVersionDate "2021.10.06"]
[SourceQuality "1"]
[WhiteTeam "Warnemuende SF Ostsee II"]
[BlackTeam "Waterkant Saal SV"]
[WhiteTeamCountry "GER"]
[BlackTeamCountry "GER"]

1. Nf3 d5 2. d4 e6 3. e3 Nf6 4. Bd3 b6 5. c3 c5 6. 0-0 cxd4 7. cxd4 Bd6 8. Nc3 0-0 9. Nb5 a6 10. Nxd6 Qxd6 11. Bd2 Ne4 12. Rc1 Nxd2 13. Qxd2 Bb7 14. Bb1 Nd7 15. Qd3 Nf6 16. Ne5 1/2-1/2

[Event "Mecklenburg VP LL2 West 0203"]
[Site "Mecklenburg VP"]
[Date "2003.03.09"]
[Round "8.5"]
[White "Warmuth, Ruediger"]
[Black "Neher, Christoph"]
[Result "1-0"]
[WhiteElo "1571"]
[BlackElo "1342"]
[PlyCount "93"]
[EventDate "2002.10.20"]
[EventType "team-tourn"]
[EventRounds "9"]
[EventCountry "GER"]
[SourceTitle "EXT 2022"]
[Source "ChessBase"]
[SourceDate "2021.10.06"]
[SourceVersion "1"]
[SourceVersionDate "2021.10.06"]
[SourceQuality "1"]
[WhiteTeam "Warnemuende SF Ostsee II"]
[BlackTeam "Putlitzer SV 1921"]
[WhiteTeamCountry "GER"]
[BlackTeamCountry "GER"]

1. Nf3 Nf6 2. d4 d5 3. e3 e6 4. Nbd2 Bd6 5. a3 0-0 6. Bd3 Nbd7 7. c4 c5 8. 0-0 Re8 9. dxc5 Nxc5 10. Bc2 Bd7 11. b4 Na6 12. c5 Be7 13. Bb2 Bb5 14. Re1 b6 15. Nd4 Bc4 16. cxb6 Qxb6 17. Nxc4 dxc4 18. Qf3 Rac8 19. Bc3 Nd5 20. Ne2 Bf6 21. Bxf6 Nxf6 22. Rad1 Red8 23. Qf4 Nd5 24. Qf3 Nf6 25. h4 Qc7 26. g4 c3 27. g5 Ne8 28. h5 Rd2 29. Rc1 Qe5 30. Qf4 Qxf4 31. Nxf4 e5 32. Ne2 Nd6 33. Kf1 Nb5 34. a4 Na3 35. Bf5 Rc4 36. Rxc3 Rxc3 37. Nxc3 Nxb4 38. Nb1 Ra2 39. Nxa3 Rxa3 40. Rb1 Na6 41. g6 hxg6 42. hxg6 f6 43. Bc8 Nc5 44. Rb8 Kf8 45. Ra8 Ra2 46. Be6+ Ke7 47. Bxa2 1-0